| 000 | 00697nam a2200193 a 4500 | ||
|---|---|---|---|
| 001 | 000029836 | ||
| 005 | 20200930055838.0 | ||
| 008 | 110415s2003 dr 000 0 spa d | ||
| 040 |
_aDO-SdBNP _bspa _cBNPHU |
||
| 082 |
_axxx _bC3978a |
||
| 110 | 2 |
_aCentro Nacional de Investigaciones en Salud Materno Infantil _955757 |
|
| 245 | 1 | 0 |
_aHematohidrosis / _ceditor Hugo R. Mendoza. |
| 260 |
_aSanto Domingo : _bCENISMI, _c2003. |
||
| 300 |
_avi, 16 p. ; _c28 cm. |
||
| 490 | 1 |
_aInvestigaciones clínicas _aestudios aplicados a la clínica _v3 |
|
| 504 | _aBibliografía : p. 14 | ||
| 700 | 1 |
_aMendoza, Hugo R. _eed _96390 |
|
| 830 | 0 |
_aInvestigaciones clínicas _pestudios aplicados a la clínica _v3 _956464 |
|
| 999 |
_c29328 _d29328 |
||